| 000 | 00609nam a22002177a 4500 | ||
|---|---|---|---|
| 003 | OSt | ||
| 005 | 20140310182922.0 | ||
| 008 | 130129t xxu||||| |||| 00| 0 eng d | ||
| 020 | _a9789715064798 | ||
| 050 |
_aPL 5534 _b.St13 2008 |
||
| 082 |
_aFIL 899.2102 _b.St13 2008 |
||
| 245 |
_aStage presence : the Philippine PEN anthology of drama _cTorres, Jose Victor Z. |
||
| 250 | _a50th anniversary ed. | ||
| 260 |
_aManila _bUST Publishing House _cc2008 |
||
| 300 |
_a213 p. _c23 cm. |
||
| 521 | _acollege students | ||
| 526 | _c1210L-1700L | ||
| 541 | _j1 | ||
| 562 | _e1 | ||
| 942 |
_2lcc _cBK _kFIL |
||
| 999 |
_c17359 _d17359 |
||